|
|
|
|
| LEADER |
00000nab a2200000 a 4500 |
| 001 |
vtls001000663 |
| 003 |
SK-MaSNL |
| 005 |
20260303223831.0 |
| 008 |
040720e19951120xo 0 slo |
| 035 |
|
|
|a RV1263
|
| 040 |
|
|
|a RVGKPD
|b slo
|c RVGKPD
|e AACR2
|
| 041 |
0 |
|
|a slo
|
| 044 |
|
|
|a xo
|c SK
|
| 080 |
|
|
|a 622.341
|2 1981
|
| 100 |
0 |
|
|a -JS-
|4 aut
|9 884938
|
| 245 |
1 |
0 |
|a Pozorné oči dispečerov
|
| 300 |
|
|
|b 1 foto
|
| 500 |
|
|
|a vybavenie
|
| 610 |
2 |
7 |
|a Siderit (Nižná Slaná, Slovensko)
|2 RVGKPD
|
| 610 |
2 |
7 |
|a Želba (Nižná Slaná, Slovensko)
|2 RVGKPD
|9 1023926
|
| 650 |
0 |
7 |
|a dispečing
|2 RVGKPD
|9 532019
|
| 650 |
0 |
7 |
|a výpočtová technika
|2 RVGKPD
|9 1126
|
| 651 |
|
7 |
|a Nižná Slaná (Slovensko)
|2 RVGKPD
|9 29467
|
| 655 |
|
7 |
|a periodikum
|2 snkbucl
|9 29553
|
| 710 |
2 |
|
|a Siderit (Nižná Slaná, Slovensko)
|4 aut
|
| 773 |
0 |
8 |
|t Banícke slovo
|g Roč. 36, č.42, 20.11.1995, s. 5
|
| 852 |
|
|
|a ZVYKNI
|b KIS3GCP
|
| 999 |
|
|
|c 2249491
|d 2251421
|